[Event "Bundesliga 9495"]
[Site "Deutschland"]
[Date "1995.??.??"]
[Round "?.5"]
[White "Maiwald, Jens Uwe"]
[Black "Zeller, Frank"]
[Result "1-0"]
[WhiteElo "2455"]
[BlackElo "2350"]
[PlyCount "95"]
[EventDate "1994.10.??"]
[EventType "team"]
[EventRounds "15"]
[EventCountry "GER"]
[SourceTitle "Bundesliga 9495"]
[Source "DeepChess"]
[SourceDate "2005.01.01"]
[SourceVersion "1"]
[SourceVersionDate "2005.01.01"]
[SourceQuality "1"]
[WhiteTeam "Post SV Dresden"]
[BlackTeam "SV Tuebingen 1870 e.V."]
[WhiteTeamCountry "GER"]
[BlackTeamCountry "GER"]

1. Nf3 c5 2. g3 b6 3. Bg2 Bb7 4. O-O Nf6 5. d3 d6 6. e4 Nbd7 7. Nbd2 g6 8. Re1
Bg7 9. c3 O-O 10. a3 Qc7 11. Qe2 Rac8 12. b3 e5 13. Bb2 Rfe8 14. h3 b5 15. Nh2
Qb6 16. b4 d5 17. Rab1 a6 18. Nhf1 Qe6 19. Ba1 d4 20. cxd4 cxd4 21. Nb3 Bh6 22.
f4 exf4 23. Nxd4 Qb6 24. Kh1 Nd5 25. Qd2 Ne3 26. Nxe3 fxe3 27. Qe2 Qd6 28. Qg4
Ne5 29. Nf5 Qf8 30. Nxh6+ Qxh6 31. Qe2 Nxd3 32. Kg1 Ne5 33. Rbd1 Qg5 34. Kh2 h5
35. Rf1 Rc4 36. Rf4 Rec8 37. Qxe3 Rc2 38. Rd2 f6 39. Rxc2 Rxc2 40. Bxe5 Qxe5
41. Qb3+ Rc4 42. Bf1 Qd4 43. Bxc4+ bxc4 44. Qc2 g5 45. Qf2 Qd8 46. Rxf6 Bxe4
47. Re6 Bb1 48. Qe2 1-0

[Event "Bundesliga 9495"]
[Site "Deutschland"]
[Date "1995.??.??"]
[Round "?.6"]
[White "Dutschak, Hauke"]
[Black "Kaminski, Uwe"]
[Result "1-0"]
[WhiteElo "2240"]
[BlackElo "2390"]
[PlyCount "75"]
[EventDate "1994.10.??"]
[EventType "team"]
[EventRounds "15"]
[EventCountry "GER"]
[SourceTitle "Bundesliga 9495"]
[Source "DeepChess"]
[SourceDate "2005.01.01"]
[SourceVersion "1"]
[SourceVersionDate "2005.01.01"]
[SourceQuality "1"]
[WhiteTeam "SV Tuebingen 1870 e.V."]
[BlackTeam "Post SV Dresden"]
[WhiteTeamCountry "GER"]
[BlackTeamCountry "GER"]

1. e4 c5 2. c3 Nf6 3. e5 Nd5 4. d4 cxd4 5. Qxd4 e6 6. Bc4 Nc6 7. Qe4 Nde7 8.
Bf4 Ng6 9. Bg3 d5 10. exd6 Bxd6 11. Qe3 O-O 12. Nd2 Nce5 13. O-O-O Qc7 14. Bb3
f5 15. Bxe5 Nxe5 16. Qe2 a5 17. Ba4 Kh8 18. Ngf3 Nxf3 19. Nxf3 e5 20. Rhe1 b5
21. Qxb5 e4 22. Nd4 Qf7 23. Qc6 Ra6 24. Qb5 Qg6 25. g3 Qh6+ 26. Kb1 Qxh2 27.
Ne6 Rg8 28. Rh1 Qxf2 29. Ng5 h6 30. Nf7+ Kh7 31. Rxd6 Rxd6 32. Nxd6 e3 33. Qf1
Qd2 34. Nxc8 e2 35. Qc1 Qd3+ 36. Bc2 Qxg3 37. Bxf5+ Kh8 38. Rxh6+ 1-0

[Event "Bundesliga 9495"]
[Site "Deutschland"]
[Date "1995.??.??"]
[Round "?.7"]
[White "Andresen, Steffen"]
[Black "Foessmeier, Ulrich"]
[Result "1-0"]
[WhiteElo "2395"]
[BlackElo "2310"]
[PlyCount "73"]
[EventDate "1994.10.??"]
[EventType "team"]
[EventRounds "15"]
[EventCountry "GER"]
[SourceTitle "Bundesliga 9495"]
[Source "DeepChess"]
[SourceDate "2005.01.01"]
[SourceVersion "1"]
[SourceVersionDate "2005.01.01"]
[SourceQuality "1"]
[WhiteTeam "Post SV Dresden"]
[BlackTeam "SV Tuebingen 1870 e.V."]
[WhiteTeamCountry "GER"]
[BlackTeamCountry "GER"]

1. c4 e6 2. Nc3 d5 3. d4 Be7 4. Nf3 Nf6 5. cxd5 exd5 6. Bg5 O-O 7. e3 c6 8. Bd3
Re8 9. Qc2 Nbd7 10. O-O Nf8 11. h3 Be6 12. Rab1 a5 13. Rfc1 Ng6 14. Bxf6 Bxf6
15. b4 axb4 16. Rxb4 Bc8 17. Ra4 Rb8 18. Rb1 Be7 19. Ra7 Bd6 20. Bf5 Re7 21.
Bxc8 Qxc8 22. Qb3 b6 23. Rxe7 Nxe7 24. a4 h6 25. Rc1 Qa6 26. e4 dxe4 27. Nxe4
Bf4 28. Rc2 b5 29. Nc5 Qa7 30. g3 Bd6 31. axb5 Rxb5 32. Qc4 Bxc5 33. dxc5 Qa1+
34. Kg2 Rb1 35. Ra2 Qf6 36. Ra8+ Kh7 37. Qe4+ 1-0

[Event "Bundesliga 9495"]
[Site "Deutschland"]
[Date "1995.??.??"]
[Round "?.8"]
[White "Frick, Christoph"]
[Black "Heinatz, Thomas"]
[Result "1-0"]
[WhiteElo "2280"]
[BlackElo "2360"]
[PlyCount "56"]
[EventDate "1994.10.??"]
[EventType "team"]
[EventRounds "15"]
[EventCountry "GER"]
[SourceTitle "Bundesliga 9495"]
[Source "DeepChess"]
[SourceDate "2005.01.01"]
[SourceVersion "1"]
[SourceVersionDate "2005.01.01"]
[SourceQuality "1"]
[WhiteTeam "SV Tuebingen 1870 e.V."]
[BlackTeam "Post SV Dresden"]
[WhiteTeamCountry "GER"]
[BlackTeamCountry "GER"]

1. e4 g6 2. Nc3 Bg7 3. g3 c5 4. Bg2 Nc6 5. d3 d6 6. Nh3 e6 7. O-O Nge7 8. Be3
O-O 9. Qd2 Nd4 10. Bh6 e5 11. Bxg7 Kxg7 12. f4 f6 13. Rf2 Be6 14. Kh1 Qd7 15.
Ng1 Rf7 16. Raf1 Raf8 17. Nd5 Qa4 18. Ne3 Qxa2 19. f5 Bd7 20. g4 Qxb2 21. Nh3
Ng8 22. g5 a5 23. Qxa5 Qb4 24. Qa1 Qa4 25. Qc1 gxf5 26. exf5 fxg5 27. Bd5 Bc6
28. Bxc6 Nxc6 1-0

[Event "Bundesliga 9495"]
[Site "Deutschland"]
[Date "1995.??.??"]
[Round "?.2"]
[White "Blatny, Pavel"]
[Black "Chandler, Murray G"]
[Result "0-1"]
[WhiteElo "2485"]
[BlackElo "2535"]
[PlyCount "156"]
[EventDate "1994.10.??"]
[EventType "team"]
[EventRounds "15"]
[EventCountry "GER"]
[SourceTitle "Bundesliga 9495"]
[Source "DeepChess"]
[SourceDate "2005.01.01"]
[SourceVersion "1"]
[SourceVersionDate "2005.01.01"]
[SourceQuality "1"]
[WhiteTeam "SAbt SV Werder Bremen"]
[BlackTeam "SG 1868 Aljech. Solingen"]
[WhiteTeamCountry "GER"]
[BlackTeamCountry "GER"]

1. e4 c5 2. b3 d6 3. Bb2 Nf6 4. Nc3 Nc6 5. g3 e5 6. Bg2 g6 7. Nge2 Bg7 8. O-O
O-O 9. f4 exf4 10. Nxf4 Ng4 11. Nfe2 Nd4 12. h3 Ne5 13. Nxd4 cxd4 14. Nd5 Be6
15. Nf4 Qg5 16. Kh2 Nc6 17. c4 h5 18. d3 Rae8 19. Bc1 Qd8 20. Bd2 Ne5 21. Qe2
Bd7 22. Rae1 Bc6 23. Bc1 Qa5 24. Qc2 Rc8 25. Bb2 Nd7 26. Ne2 Qb6 27. Qb1 Be5
28. Qa1 h4 29. Bxd4 hxg3+ 30. Kh1 Qd8 31. Bc3 Qh4 32. Ng1 Bxc3 33. Qxc3 Nc5 34.
Nf3 Qh6 35. b4 Ne6 36. Qd2 Qh5 37. Qe3 Bd7 38. Ng1 Qh4 39. Rf3 b5 40. Rc1 bxc4
41. dxc4 a5 42. a3 axb4 43. axb4 Ra8 44. Rd1 Bc6 45. Rxg3 Nf4 46. Rg4 Nxg2 47.
Kxg2 Ra2+ 48. Ne2 Qe7 49. Kg1 Re8 50. Nc3 Ra3 51. Qd4 Rea8 52. Rg3 Qh4 53. Qf2
Qh5 54. Rxd6 Qe5 55. Rdd3 Bxe4 56. Nxe4 Ra1+ 57. Kh2 Qxe4 58. Qf3 R8a2+ 59. Rg2
Qe5+ 60. Qg3 Rxg2+ 61. Kxg2 Ra2+ 62. Kf3 Qf5+ 63. Ke3 Qe6+ 64. Kd4 Qb6+ 65. Ke4
Qc6+ 66. Kd4 Rc2 67. Qb8+ Kh7 68. Qb5 Qd6+ 69. Qd5 Qb6+ 70. Qc5 Qf6+ 71. Ke4
Re2+ 72. Re3 Rd2 73. Rf3 Qe6+ 74. Kf4 Rc2 75. Kg3 Qe1+ 76. Kg4 Rg2+ 77. Kf4 g5+
78. Kf5 Qe6# 0-1

[Event "Bundesliga 9495"]
[Site "Deutschland"]
[Date "1995.??.??"]
[Round "?.3"]
[White "Lau, Ralf"]
[Black "Knaak, Rainer"]
[Result "0-1"]
[WhiteElo "2490"]
[BlackElo "2540"]
[PlyCount "82"]
[EventDate "1994.10.??"]
[EventType "team"]
[EventRounds "15"]
[EventCountry "GER"]
[SourceTitle "Bundesliga 9495"]
[Source "DeepChess"]
[SourceDate "2005.01.01"]
[SourceVersion "1"]
[SourceVersionDate "2005.01.01"]
[SourceQuality "1"]
[WhiteTeam "SG 1868 Aljech. Solingen"]
[BlackTeam "SAbt SV Werder Bremen"]
[WhiteTeamCountry "GER"]
[BlackTeamCountry "GER"]

1. e4 e6 2. d4 d5 3. Nc3 Nf6 4. e5 Nfd7 5. f4 c5 6. Nf3 Nc6 7. Be3 cxd4 8. Nxd4
Bc5 9. Qd2 O-O 10. O-O-O a6 11. h4 Nxd4 12. Bxd4 b5 13. Rh3 Bb7 14. Kb1 b4 15.
Ne2 a5 16. g4 Ba6 17. Bg2 Bxe2 18. Qxe2 Bxd4 19. Rxd4 Qc7 20. g5 Rfc8 21. h5
Ra6 22. g6 Rc6 23. gxf7+ Kf8 24. Rd2 Nb6 25. b3 Qxf7 26. Qg4 Qc7 27. h6 g6 28.
Qh4 Qe7 29. Bf1 Qxh4 30. Rxh4 Rc3 31. Bd3 Nd7 32. Rg2 Kf7 33. Rhg4 Rg8 34. Kb2
Nc5 35. R4g3 Ke7 36. a3 Rf8 37. axb4 axb4 38. Rf3 Nxd3+ 39. cxd3 Ra8 40. Rc2 d4
41. Rff2 Ra3 0-1

[Event "Bundesliga 9495"]
[Site "Deutschland"]
[Date "1995.??.??"]
[Round "?.4"]
[White "Heissler, Jakob"]
[Black "Podzielny, Karl Heinz"]
[Result "1/2-1/2"]
[WhiteElo "2440"]
[BlackElo "2455"]
[PlyCount "76"]
[EventDate "1994.10.??"]
[EventType "team"]
[EventRounds "15"]
[EventCountry "GER"]
[SourceTitle "Bundesliga 9495"]
[Source "DeepChess"]
[SourceDate "2005.01.01"]
[SourceVersion "1"]
[SourceVersionDate "2005.01.01"]
[SourceQuality "1"]
[WhiteTeam "SAbt SV Werder Bremen"]
[BlackTeam "SG 1868 Aljech. Solingen"]
[WhiteTeamCountry "GER"]
[BlackTeamCountry "GER"]

1. e4 c5 2. Nf3 e6 3. d4 cxd4 4. Nxd4 a6 5. Bd3 Nf6 6. O-O Qc7 7. Qe2 d6 8. c4
g6 9. Nc3 Bg7 10. Nf3 Nbd7 11. Rd1 O-O 12. Bf4 Ng4 13. Rac1 b6 14. b3 Bb7 15.
Bb1 Nde5 16. Nd4 Nf6 17. h3 Rfe8 18. Be3 Rad8 19. Nf3 Nxf3+ 20. Qxf3 Nd7 21.
Qe2 Nc5 22. Bg5 Rc8 23. Qd2 Bf8 24. Bf4 Qc6 25. b4 Na4 26. Nxa4 Qxa4 27. Bxd6
Red8 28. e5 a5 29. bxa5 Rxc4 30. Rxc4 Qxc4 31. axb6 Qc6 32. f3 Bxd6 33. exd6
Qxb6+ 34. Kh1 Bd5 35. Be4 Rxd6 36. Bxd5 exd5 37. Qd4 Qxd4 38. Rxd4 Ra6 1/2-1/2

[Event "Bundesliga 9495"]
[Site "Deutschland"]
[Date "1995.??.??"]
[Round "?.5"]
[White "Reeh, Oliver"]
[Black "Meins, Gerlef"]
[Result "0-1"]
[WhiteElo "2450"]
[BlackElo "2425"]
[PlyCount "126"]
[EventDate "1994.10.??"]
[EventType "team"]
[EventRounds "15"]
[EventCountry "GER"]
[SourceTitle "Bundesliga 9495"]
[Source "DeepChess"]
[SourceDate "2005.01.01"]
[SourceVersion "1"]
[SourceVersionDate "2005.01.01"]
[SourceQuality "1"]
[WhiteTeam "SG 1868 Aljech. Solingen"]
[BlackTeam "SAbt SV Werder Bremen"]
[WhiteTeamCountry "GER"]
[BlackTeamCountry "GER"]

1. e4 c5 2. Nf3 Nc6 3. d4 cxd4 4. Nxd4 Nf6 5. Nc3 d6 6. f4 e5 7. Nf3 Be7 8. Bd3
O-O 9. O-O exf4 10. Bxf4 Qb6+ 11. Kh1 Qxb2 12. Nd5 Nxd5 13. exd5 Ne5 14. Bxe5
dxe5 15. d6 Bf6 16. Rb1 Qa3 17. Nd2 Qxd6 18. Ne4 Qe7 19. Nxf6+ gxf6 20. Bxh7+
Kg7 21. Rb3 Rh8 22. Be4 Rb8 23. Qe1 Be6 24. Rbf3 Bc4 25. Qg3+ Kf8 26. Bd3 Bxd3
27. cxd3 Rh6 28. d4 Rg6 29. Qh4 Kg7 30. Rh3 Rg8 31. dxe5 Qxe5 32. Qf2 b6 33.
Ra3 Qe7 34. Re3 Qc5 35. Qf3 Rc8 36. h3 Qc6 37. Qf2 Re8 38. Rxe8 Qxe8 39. Qd2
Qe4 40. Re1 Qc4 41. Rc1 Qb5 42. Qf2 Qe5 43. Re1 Qg3 44. Rf1 Qxf2 45. Rxf2 Rg3
46. Kh2 Ra3 47. h4 Kg6 48. g3 f5 49. Kh3 f6 50. Kh2 a6 51. Rc2 b5 52. Rd2 Kh5
53. Rf2 f4 54. Rxf4 Rxa2+ 55. Kh3 Kg6 56. g4 Ra3+ 57. Kg2 Ra4 58. h5+ Kg7 59.
h6+ Kxh6 60. Rxf6+ Kg5 61. Rc6 Kxg4 62. Kf2 Kf4 63. Ke2 Ke4 0-1

[Event "Bundesliga 9495"]
[Site "Deutschland"]
[Date "1995.??.??"]
[Round "?.6"]
[White "Floegel, Ulrich"]
[Black "Schaefer, Markus"]
[Result "1/2-1/2"]
[WhiteElo "2315"]
[BlackElo "2435"]
[PlyCount "82"]
[EventDate "1994.10.??"]
[EventType "team"]
[EventRounds "15"]
[EventCountry "GER"]
[SourceTitle "Bundesliga 9495"]
[Source "DeepChess"]
[SourceDate "2005.01.01"]
[SourceVersion "1"]
[SourceVersionDate "2005.01.01"]
[SourceQuality "1"]
[WhiteTeam "SAbt SV Werder Bremen"]
[BlackTeam "SG 1868 Aljech. Solingen"]
[WhiteTeamCountry "GER"]
[BlackTeamCountry "GER"]

1. e4 e6 2. d3 d5 3. Nd2 c5 4. Ngf3 Nc6 5. g3 g6 6. Bg2 Bg7 7. O-O Nge7 8. exd5
exd5 9. d4 cxd4 10. Nb3 Bg4 11. h3 Bxf3 12. Qxf3 O-O 13. Bg5 Qd6 14. Rfe1 Rad8
15. Rad1 Rfe8 16. h4 h6 17. Bf4 Qf6 18. Nc5 b6 19. Na6 g5 20. hxg5 hxg5 21. Bc7
Qxf3 22. Bxf3 Rc8 23. Bg4 f5 24. Bh5 Rf8 25. Bd6 Bf6 26. b4 Rcd8 27. Re6 Rd7
28. Rde1 Nd8 29. Rxe7 Rxd6 30. Rxa7 Nc6 31. Rb7 Ne5 32. f4 Nc4 33. Re8 Rxe8 34.
Bxe8 gxf4 35. gxf4 Ne3 36. Ba4 Bh4 37. Kh2 Rh6 38. Rb8+ Kg7 39. Rb7+ Kf8 40.
Rb8+ Kf7 41. Rb7+ Kf8 1/2-1/2

[Event "Bundesliga 9495"]
[Site "Deutschland"]
[Date "1995.??.??"]
[Round "?.7"]
[White "Zysk, Robert"]
[Black "Meyer, Claus Dieter"]
[Result "1/2-1/2"]
[WhiteElo "2450"]
[BlackElo "2310"]
[PlyCount "133"]
[EventDate "1994.10.??"]
[EventType "team"]
[EventRounds "15"]
[EventCountry "GER"]
[SourceTitle "Bundesliga 9495"]
[Source "DeepChess"]
[SourceDate "2005.01.01"]
[SourceVersion "1"]
[SourceVersionDate "2005.01.01"]
[SourceQuality "1"]
[WhiteTeam "SG 1868 Aljech. Solingen"]
[BlackTeam "SAbt SV Werder Bremen"]
[WhiteTeamCountry "GER"]
[BlackTeamCountry "GER"]

1. d4 Nf6 2. Nf3 g6 3. c4 Bg7 4. g3 O-O 5. Bg2 d6 6. O-O c6 7. b3 Bg4 8. Bb2
Nbd7 9. Nbd2 d5 10. Rc1 Re8 11. h3 Bxf3 12. Nxf3 Ne4 13. Qc2 e6 14. e3 a5 15.
a4 f5 16. Ne1 Bf8 17. Nd3 Bd6 18. Qe2 Qe7 19. Rfd1 Rf8 20. Qe1 g5 21. Ne5 Nxe5
22. dxe5 Bb4 23. Qe2 Rf7 24. Kh2 Raf8 25. Bd4 Nc5 26. Qc2 Nd7 27. f4 gxf4 28.
gxf4 Rg7 29. cxd5 cxd5 30. Rg1 Rff7 31. Bf3 Ba3 32. Rcd1 Rxg1 33. Rxg1+ Rg7 34.
Rxg7+ Qxg7 35. Qc7 Nf8 36. Qxa5 Qd7 37. Qc3 Qe7 38. Qd2 Bb4 39. Qg2+ Qg7 40.
Bh5 Ng6 41. Bxg6 hxg6 42. Qc2 Qd7 43. Kg2 Kf7 44. Kf3 Qd8 45. Qf2 Qh8 46. Kg2
Qe8 47. Qb2 Kg7 48. Kf1 Qh8 49. Kg2 Qc8 50. Qb1 Qc6 51. Qd1 Kh6 52. Kg3 Kg7 53.
Kf3 Qc8 54. Kg3 Qc6 55. Bb2 Qa6 56. Kf2 Qb6 57. Qc1 Qd8 58. Ba3 Qh4+ 59. Kg2
Bxa3 60. Qxa3 Qe1 61. Qe7+ Kh6 62. Qf8+ Kh7 63. Qe7+ Kh6 64. Qg5+ Kh7 65. Qg3
Qc3 66. Qh4+ Kg7 67. Qf6+ 1/2-1/2

[Event "Bundesliga 9495"]
[Site "Deutschland"]
[Date "1995.??.??"]
[Round "?.8"]
[White "Wenzel, Reinhard"]
[Black "Seul, Georg"]
[Result "0-1"]
[WhiteElo "2230"]
[BlackElo "2440"]
[PlyCount "60"]
[EventDate "1994.10.??"]
[EventType "team"]
[EventRounds "15"]
[EventCountry "GER"]
[SourceTitle "Bundesliga 9495"]
[Source "DeepChess"]
[SourceDate "2005.01.01"]
[SourceVersion "1"]
[SourceVersionDate "2005.01.01"]
[SourceQuality "1"]
[WhiteTeam "SAbt SV Werder Bremen"]
[BlackTeam "SG 1868 Aljech. Solingen"]
[WhiteTeamCountry "GER"]
[BlackTeamCountry "GER"]

1. c4 e5 2. Nc3 d6 3. g3 f5 4. Bg2 Nf6 5. Nf3 Be7 6. O-O O-O 7. d3 Qe8 8. c5
Nc6 9. cxd6 Bxd6 10. a3 Kh8 11. b4 e4 12. dxe4 fxe4 13. Nd4 Nxd4 14. Qxd4 Be5
15. Qc5 b6 16. Qe3 Bf5 17. Bb2 Qh5 18. f3 Rae8 19. Rad1 exf3 20. Qxf3 Bg4 21.
Qc6 Bxc3 22. Bxc3 Bxe2 23. Rxf6 Rxf6 24. Qxf6 gxf6 25. Bxf6+ Kg8 26. Rd7 Bc4
27. Rg7+ Kf8 28. g4 Re1+ 29. Kf2 Re2+ 30. Kg3 Qh6 0-1

[Event "Bundesliga 9495"]
[Site "Deutschland"]
[Date "1994.??.??"]
[Round "?.1"]
[White "Hracek, Zbynek"]
[Black "Dokhoian, Yury"]
[Result "1/2-1/2"]
[WhiteElo "2530"]
[BlackElo "2580"]
[PlyCount "50"]
[EventDate "1994.10.??"]
[EventType "team"]
[EventRounds "15"]
[EventCountry "GER"]
[SourceTitle "Bundesliga 9495"]
[Source "DeepChess"]
[SourceDate "2005.01.01"]
[SourceVersion "1"]
[SourceVersionDate "2005.01.01"]
[SourceQuality "1"]
[WhiteTeam "SAbt SV Werder Bremen"]
[BlackTeam "SG Bochum 31"]
[WhiteTeamCountry "GER"]
[BlackTeamCountry "GER"]

1. d4 Nf6 2. Nf3 e6 3. Bg5 h6 4. Bxf6 Qxf6 5. e4 d6 6. Nc3 Bd7 7. Qd2 Nc6 8.
O-O-O O-O-O 9. Bb5 g5 10. d5 Nb8 11. Kb1 Bg7 12. e5 dxe5 13. Ne4 Qe7 14. d6
Bxb5 15. dxe7 Rxd2 16. Rxd2 Nd7 17. Rhd1 b6 18. c4 Bc6 19. Nc3 a6 20. b4 Re8
21. b5 axb5 22. cxb5 Bxf3 23. gxf3 Rxe7 24. a4 f5 25. Na2 Bf8 1/2-1/2

[Event "Bundesliga 9495"]
[Site "Deutschland"]
[Date "1994.??.??"]
[Round "?.2"]
[White "Glek, Igor V"]
[Black "Blatny, Pavel"]
[Result "1-0"]
[WhiteElo "2615"]
[BlackElo "2485"]
[PlyCount "147"]
[EventDate "1994.10.??"]
[EventType "team"]
[EventRounds "15"]
[EventCountry "GER"]
[SourceTitle "Bundesliga 9495"]
[Source "DeepChess"]
[SourceDate "2005.01.01"]
[SourceVersion "1"]
[SourceVersionDate "2005.01.01"]
[SourceQuality "1"]
[WhiteTeam "SG Bochum 31"]
[BlackTeam "SAbt SV Werder Bremen"]
[WhiteTeamCountry "GER"]
[BlackTeamCountry "GER"]

1. e4 e5 2. Nf3 Nc6 3. Nc3 Nf6 4. g3 Bb4 5. Bg2 d6 6. d3 h6 7. O-O Be6 8. Nh4
a6 9. Nf5 Kf8 10. f4 Bc5+ 11. Kh1 Qd7 12. g4 h5 13. fxe5 dxe5 14. g5 Ng4 15.
Qe1 Nb4 16. Qe2 Kg8 17. h3 Nc6 18. Nd5 Bxf5 19. exf5 Nd4 20. Qe4 c6 21. Ne3 Ne2
22. Qf3 Nxc1 23. Nxg4 hxg4 24. Qxg4 Be3 25. Be4 Rd8 26. Raxc1 Bxc1 27. Rxc1 Qd4
28. Rg1 Qf2 29. Rg2 Qe1+ 30. Kh2 Rh4 31. Qg3 Qxg3+ 32. Kxg3 Rh8 33. h4 Kf8 34.
Rh2 f6 35. g6 Ke7 36. h5 Rh6 37. Kf2 Kd6 38. Ke3 b5 39. Rh4 a5 40. Bf3 Kc5 41.
c3 a4 42. d4+ exd4+ 43. cxd4+ Kb6 44. Re4 Rhh8 45. Rh4 Rde8+ 46. Kf2 Kc7 47.
Rh1 Kd6 48. Rc1 Rc8 49. Rc5 Rc7 50. Ke3 Rb8 51. Kf4 a3 52. b4 Ra8 53. h6 gxh6
54. d5 Ra4 55. Rxc6+ Rxc6 56. dxc6 Ra8 57. Kg4 h5+ 58. Kxh5 Rh8+ 59. Kg4 Re8
60. Kf4 Rh8 61. Be4 Rh4+ 62. Ke3 Rh3+ 63. Bf3 Rh8 64. Bg2 Rh4 65. Bf3 Rh8 66.
c7 Rc8 67. Kd4 Ke7 68. Bd5 Kf8 69. Kc5 Rxc7+ 70. Kxb5 Rc3 71. Ka6 Rd3 72. Be6
Rd4 73. b5 Ra4+ 74. Kb7 1-0

[Event "Bundesliga 9495"]
[Site "Deutschland"]
[Date "1994.??.??"]
[Round "?.3"]
[White "Knaak, Rainer"]
[Black "Keitlinghaus, Ludger"]
[Result "1/2-1/2"]
[WhiteElo "2520"]
[BlackElo "2500"]
[PlyCount "136"]
[EventDate "1994.10.??"]
[EventType "team"]
[EventRounds "15"]
[EventCountry "GER"]
[SourceTitle "Bundesliga 9495"]
[Source "DeepChess"]
[SourceDate "2005.01.01"]
[SourceVersion "1"]
[SourceVersionDate "2005.01.01"]
[SourceQuality "1"]
[WhiteTeam "SAbt SV Werder Bremen"]
[BlackTeam "SG Bochum 31"]
[WhiteTeamCountry "GER"]
[BlackTeamCountry "GER"]

1. d4 d5 2. c4 c6 3. Nc3 Nf6 4. cxd5 cxd5 5. Bf4 Nc6 6. e3 Bg4 7. f3 Bd7 8. Bd3
e6 9. Bg3 Be7 10. Nge2 O-O 11. O-O a6 12. Rc1 Rc8 13. Kh1 Na5 14. b3 b5 15. Qd2
Qb6 16. e4 b4 17. Nd1 Rxc1 18. Qxc1 Rc8 19. Qb1 Bb5 20. Bh4 Nxe4 21. fxe4 Bxh4
22. exd5 exd5 23. Bxh7+ Kh8 24. Bd3 Re8 25. Qc2 Bf6 26. Rf3 Kg8 27. Ne3 Bxd3
28. Qxd3 Qb5 29. Qxb5 axb5 30. Ng3 Bxd4 31. Nxd5 Nc6 32. Nc7 Rb8 33. Nf5 Be5
34. Nd5 Rb7 35. g4 g6 36. Nfe3 Kg7 37. Rf2 Bd4 38. Rc2 Ne7 39. Nxe7 Rxe7 40.
Nd5 Re4 41. h3 Be5 42. Kg2 Rd4 43. Ne3 Rd3 44. Nf1 Rc3 45. Re2 Bf4 46. Re4 Rc2+
47. Kf3 Bd6 48. Rd4 Be7 49. Rd2 Rc3+ 50. Kg2 Bg5 51. Rf2 Bh4 52. Re2 Bg5 53.
Ng3 Bf4 54. Ne4 Rd3 55. g5 Be5 56. h4 Bc3 57. Nf2 Rd4 58. Kg3 Rd7 59. Ne4 Rd3+
60. Kf4 Rh3 61. Kg4 Rd3 62. Nf2 Rd4+ 63. Kg3 Rd7 64. Ng4 Rd3+ 65. Kg2 Rd4 66.
Kf3 Rd3+ 67. Re3 Rd2 68. Re2 Rd3+ 1/2-1/2

[Event "Bundesliga 9495"]
[Site "Deutschland"]
[Date "1994.??.??"]
[Round "?.4"]
[White "Backwinkel, Paul"]
[Black "Heissler, Jakob"]
[Result "1/2-1/2"]
[WhiteElo "2410"]
[BlackElo "2440"]
[PlyCount "51"]
[EventDate "1994.10.??"]
[EventType "team"]
[EventRounds "15"]
[EventCountry "GER"]
[SourceTitle "Bundesliga 9495"]
[Source "DeepChess"]
[SourceDate "2005.01.01"]
[SourceVersion "1"]
[SourceVersionDate "2005.01.01"]
[SourceQuality "1"]
[WhiteTeam "SG Bochum 31"]
[BlackTeam "SAbt SV Werder Bremen"]
[WhiteTeamCountry "GER"]
[BlackTeamCountry "GER"]

1. d4 Nf6 2. Nf3 g6 3. Bg5 Bg7 4. Nbd2 c5 5. e3 cxd4 6. exd4 O-O 7. Bd3 d6 8.
O-O Be6 9. Bh4 Nc6 10. c3 a6 11. Re1 Re8 12. Qc2 Bd7 13. Rad1 Rc8 14. Qb1 b5
15. a3 Qb6 16. Qa2 e6 17. Bxf6 Bxf6 18. Ne4 Be7 19. Ng3 d5 20. h4 h5 21. Qb1
Kg7 22. Ne2 Bd6 23. Bc2 a5 24. b4 axb4 25. cxb4 Qd8 26. Bd3 1/2-1/2

[Event "Bundesliga 9495"]
[Site "Deutschland"]
[Date "1994.??.??"]
[Round "?.5"]
[White "Meins, Gerlef"]
[Black "Jackelen, Thomas"]
[Result "1-0"]
[WhiteElo "2440"]
[BlackElo "2415"]
[PlyCount "65"]
[EventDate "1994.10.??"]
[EventType "team"]
[EventRounds "15"]
[EventCountry "GER"]
[SourceTitle "Bundesliga 9495"]
[Source "DeepChess"]
[SourceDate "2005.01.01"]
[SourceVersion "1"]
[SourceVersionDate "2005.01.01"]
[SourceQuality "1"]
[WhiteTeam "SAbt SV Werder Bremen"]
[BlackTeam "SG Bochum 31"]
[WhiteTeamCountry "GER"]
[BlackTeamCountry "GER"]

1. d4 d5 2. c4 e6 3. Nf3 Nf6 4. g3 c6 5. Nbd2 Be7 6. Bg2 b6 7. O-O Bb7 8. Qc2
Na6 9. a3 O-O 10. b4 c5 11. dxc5 bxc5 12. b5 Nc7 13. a4 Bd6 14. e3 Qe7 15. Bb2
Rab8 16. Rfd1 Rfd8 17. Ne5 Nd7 18. Nxd7 Rxd7 19. Nb3 Ba8 20. Na5 Rdd8 21. Rd2
a6 22. e4 d4 23. e5 Bxe5 24. Bxa8 Nxa8 25. Nc6 Qc7 26. Nxd8 Rxd8 27. a5 axb5
28. cxb5 c4 29. b6 Qc6 30. Rc1 Qb5 31. Qxc4 Qxa5 32. Rxd4 Bxd4 33. Qxd4 1-0

[Event "Bundesliga 9495"]
[Site "Deutschland"]
[Date "1994.??.??"]
[Round "?.6"]
[White "Luecke, Norbert"]
[Black "Floegel, Ulrich"]
[Result "1-0"]
[WhiteElo "2410"]
[BlackElo "2275"]
[PlyCount "105"]
[EventDate "1994.10.??"]
[EventType "team"]
[EventRounds "15"]
[EventCountry "GER"]
[SourceTitle "Bundesliga 9495"]
[Source "DeepChess"]
[SourceDate "2005.01.01"]
[SourceVersion "1"]
[SourceVersionDate "2005.01.01"]
[SourceQuality "1"]
[WhiteTeam "SG Bochum 31"]
[BlackTeam "SAbt SV Werder Bremen"]
[WhiteTeamCountry "GER"]
[BlackTeamCountry "GER"]

1. e4 Nf6 2. e5 Nd5 3. d4 d6 4. Nf3 Bg4 5. Be2 e6 6. O-O Nb6 7. c4 d5 8. c5
Bxf3 9. Bxf3 Nc8 10. b4 a6 11. Be2 g6 12. Bd2 Ne7 13. a4 Bg7 14. Bc3 b6 15.
cxb6 cxb6 16. Nd2 O-O 17. b5 a5 18. Bb2 Nd7 19. Bd3 Nf5 20. Qe2 f6 21. Bxf5
gxf5 22. exf6 Qxf6 23. Rac1 Bh6 24. Rc6 Rae8 25. Nf3 Bf4 26. Re1 Kf7 27. Bc1
Bxc1 28. Rexc1 Rg8 29. g3 Re7 30. Rc7 h5 31. R1c6 Rg4 32. Qd2 f4 33. Rxd7 Rxd7
34. Ne5+ Ke7 35. Nxg4 hxg4 36. Qxf4 Qxf4 37. gxf4 Rb7 38. Kg2 Kf6 39. f3 gxf3+
40. Kxf3 Kf5 41. Rc8 Rh7 42. Rf8+ Kg6 43. Kg3 Rc7 44. f5+ exf5 45. Rb8 Rc4 46.
Rxb6+ Kg5 47. h4+ Kh5 48. Rb8 Kh6 49. b6 Kh7 50. b7 Rb4 51. h5 Kg7 52. h6+ Kh7
53. Kf3 1-0